| 000 | 01353nam a2200349 c 4500 | ||
|---|---|---|---|
| 003 | BLK | ||
| 005 | 20230728005218.0 | ||
| 008 | 180409b bul|||||r ||||||| ||bul|| | ||
| 010 | _aKNG00103979000 | ||
| 020 |
_a954-8826-20-8 _bиздат.: Елф |
||
| 040 | _aBLK | ||
| 041 |
_aBUL _cBUL |
||
| 080 |
_aАмериканска литература (на САЩ) _b821.111(73) _x-312.9 _z821.111(73)-312.9 |
||
| 100 | 1 |
_aАндерсън, Пол _eпърви автор _9265054 |
|
| 700 |
_aБурмов, Александър Колев _d1911-1965 _gРосенски, Милко (псевд.) _9367214 |
||
| 139 |
_aАндерсън, Пол _bА 65 |
||
| 245 | 1 | 0 |
_aПрокълнатият меч _bРоман _cПол Андерсън; прев. от англ. Александър Бурмов. |
| 257 | _aUSA | ||
| 260 |
_аСофия _bЕлф _c2002 _fСофия : Инвестпрес АД |
||
| 300 |
_a427 с. _c20 см |
||
| 380 | _aX | ||
| 490 | 1 | _aПоредица Фентъзи бестселър | |
| 500 | _aОриг. загл. The Broken Sword / Paul Anderson. - Офс. изд. - Речник. | ||
| 653 | _aфантастика | ||
| 653 | _aромани | ||
| 852 | _aЦб 212984 | ||
| 856 | 4 |
_qpdf _u |
|
| 856 | 4 |
_qpdf _u |
|
| 942 |
_cKNG _n0 |
||
| 944 |
_aCR _c01.01.2002 _k _lCRON CRON |
||
| 944 |
_aED _c07.06.2004 _k |
||
| 999 |
_c98988 _d98988 |
||